[Event "13th Khazar International Open Chess Tournament - "]
[Site "Rasht, Iran"]
[Date "2015.02.11"]
[Round "1"]
[Board "1"]
[White "Tarlev, Konstantin"]
[Black "Mashmooli, Kian"]
[Result "1-0"]
[WhiteElo "2557"]
[BlackElo "2175"]
[PlyCount "0"]
[EventDate "2015.02.11"]
[EventRounds "9"]
[EventCountry "IRI"]

1. Nf3 {[%clk 1:30:47]} Nf6 {[%clk 1:30:41]} 2. c4 {[%clk 1:31:13]} e6
{[%clk 1:29:52]} 3. d4 {[%clk 1:25:20]} b6 {[%clk 1:29:31]} 4. a3
{[%clk 1:25:05]} c5 {[%clk 1:25:15]} 5. d5 {[%clk 1:25:03]} b5 {[%clk 1:21:06]}
6. Nc3 {[%clk 1:23:36]} bxc4 {[%clk 1:10:40]} 7. e4 {[%clk 1:23:24]} Qa5
{[%clk 0:56:26]} 8. Bd2 {[%clk 1:19:00]} Qb6 {[%clk 0:56:47]} 9. Bxc4
{[%clk 1:19:07]} Ba6 {[%clk 0:56:31]} 10. b3 {[%clk 1:18:28]} exd5
{[%clk 0:54:07]} 11. exd5 {[%clk 1:16:25]} Be7 {[%clk 0:52:06]} 12. O-O
{[%clk 1:16:29]} O-O {[%clk 0:51:50]} 13. Re1 {[%clk 1:16:48]} Re8
{[%clk 0:50:15]} 14. Bg5 {[%clk 1:13:11]} Bf8 {[%clk 0:50:37]} 15. Qd3
{[%clk 0:54:55]} Qxb3 {[%clk 0:44:08]} 16. Bxb3 {[%clk 0:54:08]} Bxd3
{[%clk 0:44:22]} 17. Bxf6 {[%clk 0:54:31]} Rxe1+ {[%clk 0:44:08]} 18. Nxe1
{[%clk 0:54:56]} 1-0

[Event "13th Khazar International Open Chess Tournament - "]
[Site "Rasht, Iran"]
[Date "2015.02.11"]
[Round "1"]
[Board "2"]
[White "Eskandary, Mahmood"]
[Black "Mirzoev, Azer"]
[Result "0-1"]
[WhiteElo "2150"]
[BlackElo "2556"]
[PlyCount "0"]
[EventDate "2015.02.11"]
[EventRounds "9"]
[EventCountry "IRI"]

1. Nf3 d5 2. g3 Nf6 3. Bg2 Bg4 4. O-O Nbd7 5. c4 c6 6. cxd5 cxd5 7. h3 Bh5 8. Qb3
Qb6 9. Qxb6 Nxb6 10. Nc3 e6 11. Nb5 Kd8 12. d3 a6 13. Nc3 Rc8 14. Bg5 h6 15. Bf4
Nfd7 16. g4 Bg6 17. e4 dxe4 18. Nxe4 Nd5 19. Bg3 Rc2 20. Rfb1 Be7 21. Nd4 Rc8 22.
Rc1 N7b6 23. Nb3 Na4 24. Rxc8+ Kxc8 25. Rc1+ Kd7 26. Nc3 Naxc3 27. bxc3 Ba3 28.
Re1 Bxd3 29. Rd1 Bc4 30. Na5 Rc8 31. Nxc4 Rxc4 32. Bxd5 exd5 33. Rxd5+ Kc8 34.
Rd3 f6 35. f3 b5 36. Bd6 Ra4 37. Bxa3 Rxa3 38. Kf2 Rxa2+ 39. Ke3 Kc7 40. h4 Ra4
41. h5 Rc4 42. Kd2 Rc5 43. Rd4 Kc6 44. Kc2 a5 45. Kb2 Rd5 46. Re4 Re5 47. Rd4
Re2+ 48. Kb3 a4+ 49. Ka3 Rc2 50. Rd3 Kc5 51. Rd7 Rxc3+ 52. Kb2 Rxf3 53. Rxg7 Kb4
54. Rf7 a3+ 0-1

[Event "13th Khazar International Open Chess Tournament - "]
[Site "Rasht, Iran"]
[Date "2015.02.11"]
[Round "1"]
[Board "3"]
[White "Ghaem Maghami, Ehsan"]
[Black "Azadbakhsh, Farshid"]
[Result "1-0"]
[WhiteElo "2554"]
[BlackElo "2149"]
[PlyCount "0"]
[EventDate "2015.02.11"]
[EventRounds "9"]
[EventCountry "IRI"]

1. c4 {[%clk 1:30:53]} e5 {[%clk 1:30:24]} 2. Nc3 {[%clk 1:31:17]} Nc6
{[%clk 1:30:02]} 3. Nf3 {[%clk 1:31:21]} Nf6 {[%clk 1:25:09]} 4. e4
{[%clk 1:29:21]} Bc5 {[%clk 1:16:25]} 5. Nxe5 {[%clk 1:28:56]} Nxe5
{[%clk 1:16:32]} 6. d4 {[%clk 1:29:16]} Bd6 {[%clk 1:08:47]} 7. c5
{[%clk 1:29:19]} Bxc5 {[%clk 1:07:58]} 8. dxc5 {[%clk 1:19:08]} Nc6
{[%clk 0:59:32]} 9. Bf4 {[%clk 1:17:35]} O-O {[%clk 0:56:29]} 10. Bd3
{[%clk 0:59:57]} Qe7 {[%clk 0:53:58]} 11. Rc1 {[%clk 0:52:29]} Ne5
{[%clk 0:48:20]} 12. O-O {[%clk 0:52:38]} b6 {[%clk 0:41:13]} 13. Re1
{[%clk 0:32:58]} bxc5 {[%clk 0:26:40]} 14. Nd5 {[%clk 0:33:10]} Qd6
{[%clk 0:26:02]} 15. b4 {[%clk 0:33:25]} cxb4 {[%clk 0:17:08]} 16. Nxc7
{[%clk 0:31:39]} Rb8 {[%clk 0:16:42]} 17. Bf1 {[%clk 0:30:29]} Qe7
{[%clk 0:14:33]} 18. Qd4 {[%clk 0:30:15]} d6 {[%clk 0:14:07]} 19. Qxa7
{[%clk 0:30:01]} Bb7 {[%clk 0:12:47]} 20. Nb5 {[%clk 0:23:37]} Qe6
{[%clk 0:11:11]} 21. f3 {[%clk 0:18:21]} Nh5 {[%clk 0:08:24]} 22. Bxe5
{[%clk 0:13:36]} dxe5 {[%clk 0:08:03]} 23. Red1 {[%clk 0:11:21]} Qg6
{[%clk 0:07:15]} 24. Nd6 {[%clk 0:10:13]} Nf4 {[%clk 0:05:53]} 25. Kh1
{[%clk 0:05:55]} Ba8 {[%clk 0:04:03]} 26. Qe7 {[%clk 0:03:11]} Qh5
{[%clk 0:01:48]} 27. g4 {[%clk 0:01:44]} Qh6 {[%clk 0:01:08]} 28. Qxe5
{[%clk 0:01:59]} Ng6 {[%clk 0:00:46]} 29. Qg3 {[%clk 0:02:21]} Rbd8
{[%clk 0:00:48]} 30. Nxf7 {[%clk 0:01:17]} Kxf7 {[%clk 0:00:55]} 31. Qc7+
{[%clk 0:00:41]} Ne7 {[%clk 0:00:40]} 32. Bc4+ {[%clk 0:00:56]} Bd5
{[%clk 0:00:33]} 33. Bxd5+ {[%clk 0:00:52]} Rxd5 {[%clk 0:00:46]} 34. exd5
{[%clk 0:00:39]} Rc8 {[%clk 0:01:12]} 35. d6 {[%clk 0:00:43]} Rxc7
{[%clk 0:01:06]} 36. Rxc7 {[%clk 0:01:05]} Qf4 {[%clk 0:01:21]} 37. Rxe7+
{[%clk 0:01:25]} Kf8 {[%clk 0:01:33]} 38. Kg2 {[%clk 0:01:22]} 1-0

[Event "13th Khazar International Open Chess Tournament - "]
[Site "Rasht, Iran"]
[Date "2015.02.11"]
[Round "1"]
[Board "4"]
[White "Bayramov, Zaur"]
[Black "Stopa, Jacek"]
[Result "0-1"]
[WhiteElo "2144"]
[BlackElo "2540"]
[PlyCount "0"]
[EventDate "2015.02.11"]
[EventRounds "9"]
[EventCountry "IRI"]

1. d4 {[%clk 1:30:54]} f5 {[%clk 1:29:52]} 2. c4 {[%clk 1:30:37]} Nf6
{[%clk 1:26:16]} 3. Nc3 {[%clk 1:30:06]} e6 {[%clk 1:25:23]} 4. Nf3
{[%clk 1:27:56]} Bb4 {[%clk 1:24:58]} 5. Qb3 {[%clk 1:25:20]} Qe7
{[%clk 1:23:02]} 6. g3 {[%clk 1:23:21]} Nc6 {[%clk 1:21:03]} 7. a3
{[%clk 1:21:09]} Ba5 {[%clk 1:19:30]} 8. Bg2 {[%clk 1:15:16]} Ne4
{[%clk 1:19:42]} 9. c5 {[%clk 1:07:35]} b6 {[%clk 1:14:59]} 10. cxb6
{[%clk 1:05:32]} axb6 {[%clk 1:14:31]} 11. O-O {[%clk 1:03:05]} Bxc3
{[%clk 1:14:08]} 12. bxc3 {[%clk 1:03:21]} Na5 {[%clk 1:14:01]} 13. Qc2
{[%clk 0:59:52]} Bb7 {[%clk 1:12:00]} 14. c4 {[%clk 0:41:21]} O-O
{[%clk 1:11:28]} 15. Nd2 {[%clk 0:37:01]} Nxd2 {[%clk 1:09:47]} 16. Bxd2
{[%clk 0:36:59]} Bxg2 {[%clk 1:09:51]} 17. Kxg2 {[%clk 0:37:20]} Qd6
{[%clk 1:03:08]} 18. Bb4 {[%clk 0:34:20]} Qc6+ {[%clk 1:02:29]} 19. d5
{[%clk 0:33:25]} exd5 {[%clk 1:02:47]} 20. Bxf8 {[%clk 0:33:25]} Rxf8
{[%clk 1:00:32]} 21. Rfd1 {[%clk 0:30:20]} dxc4+ {[%clk 0:59:29]} 22. Kg1
{[%clk 0:30:32]} d5 {[%clk 0:56:32]} 23. Rab1 {[%clk 0:24:01]} Qc5
{[%clk 0:51:38]} 24. e3 {[%clk 0:21:46]} Nb3 {[%clk 0:48:24]} 25. Qc3
{[%clk 0:19:55]} Qd6 {[%clk 0:46:45]} 26. Qb4 {[%clk 0:13:05]} Rd8
{[%clk 0:45:59]} 27. Qb5 {[%clk 0:11:12]} Qc5 {[%clk 0:44:23]} 28. Rxb3
{[%clk 0:09:48]} cxb3 {[%clk 0:44:45]} 29. Qxb3 {[%clk 0:10:14]} Kh8
{[%clk 0:37:46]} 30. Qd3 {[%clk 0:08:22]} Qf8 {[%clk 0:37:51]} 31. Qb5
{[%clk 0:07:44]} Qxa3 {[%clk 0:37:25]} 32. Rxd5 {[%clk 0:07:30]} Qa1+
{[%clk 0:37:49]} 0-1

[Event "13th Khazar International Open Chess Tournament - "]
[Site "Rasht, Iran"]
[Date "2015.02.11"]
[Round "1"]
[Board "5"]
[White "Papin, Vasily"]
[Black "Asgharzadeh, M.Reza"]
[Result "1-0"]
[WhiteElo "2515"]
[BlackElo "2142"]
[PlyCount "0"]
[EventDate "2015.02.11"]
[EventRounds "9"]
[EventCountry "IRI"]

1. d4 {[%clk 1:30:57]} d5 {[%clk 1:30:37]} 2. Nf3 {[%clk 1:31:15]} Nf6
{[%clk 1:30:46]} 3. c4 {[%clk 1:31:35]} c6 {[%clk 1:30:49]} 4. Qc2
{[%clk 1:31:56]} e6 {[%clk 1:29:01]} 5. Nbd2 {[%clk 1:31:56]} Nbd7
{[%clk 1:27:41]} 6. g3 {[%clk 1:26:23]} Bd6 {[%clk 1:26:01]} 7. Bg2
{[%clk 1:26:43]} O-O {[%clk 1:23:32]} 8. O-O {[%clk 1:26:58]} Qe7
{[%clk 1:11:39]} 9. Rd1 {[%clk 1:18:13]} h6 {[%clk 1:01:40]} 10. b3
{[%clk 1:14:34]} a5 {[%clk 0:53:27]} 11. a3 {[%clk 1:09:35]} e5 {[%clk 0:38:11]}
12. cxd5 {[%clk 1:04:00]} Nxd5 {[%clk 0:33:25]} 13. Bb2 {[%clk 0:51:40]} Re8
{[%clk 0:27:02]} 14. e4 {[%clk 0:49:30]} N5b6 {[%clk 0:27:01]} 15. Nf1
{[%clk 0:47:40]} c5 {[%clk 0:17:43]} 16. dxe5 {[%clk 0:45:45]} Nxe5
{[%clk 0:17:58]} 17. Nh4 {[%clk 0:42:27]} Nc6 {[%clk 0:11:31]} 18. Ne3
{[%clk 0:37:45]} g6 {[%clk 0:07:55]} 19. Nf3 {[%clk 0:32:23]} Ne5
{[%clk 0:05:17]} 20. Nd2 {[%clk 0:24:56]} a4 {[%clk 0:01:24]} 21. f4
{[%clk 0:23:51]} axb3 {[%clk 0:01:18]} 22. Nxb3 {[%clk 0:08:01]} c4
{[%clk 0:01:38]} 23. Bxe5 {[%clk 0:03:51]} cxb3 {[%clk 0:00:44]} 24. Qxb3
{[%clk 0:04:15]} Bxe5 {[%clk 0:01:10]} 25. fxe5 {[%clk 0:04:41]} Qc5
{[%clk 0:01:10]} 26. Rd6 {[%clk 0:03:57]} Ra6 {[%clk 0:00:53]} 27. Rxg6+
{[%clk 0:03:07]} Kf8 {[%clk 0:01:05]} 28. Rf1 {[%clk 0:01:25]} Re7
{[%clk 0:00:32]} 29. Rgf6 {[%clk 0:01:06]} Be6 {[%clk 0:00:55]} 30. Rxe6
{[%clk 0:01:08]} Rxa3 {[%clk 0:01:24]} 31. Qxb6 {[%clk 0:01:28]} 1-0

[Event "13th Khazar International Open Chess Tournament - "]
[Site "Rasht, Iran"]
[Date "2015.02.11"]
[Round "1"]
[Board "6"]
[White "Tahbaz, Arash"]
[Black "Starostits, Ilmars"]
[Result "0-1"]
[WhiteElo "2142"]
[BlackElo "2454"]
[PlyCount "0"]
[EventDate "2015.02.11"]
[EventRounds "9"]
[EventCountry "IRI"]

1. e4 {[%clk 1:30:25]} c6 {[%clk 1:30:51]} 2. d4 {[%clk 1:30:46]} d5
{[%clk 1:30:59]} 3. Nd2 {[%clk 1:31:02]} dxe4 {[%clk 1:31:23]} 4. Nxe4
{[%clk 1:31:27]} Bf5 {[%clk 1:31:49]} 5. Ng3 {[%clk 1:31:50]} Bg6
{[%clk 1:32:15]} 6. h4 {[%clk 1:32:17]} h6 {[%clk 1:32:38]} 7. Nf3
{[%clk 1:32:42]} e6 {[%clk 1:32:59]} 8. h5 {[%clk 1:30:43]} Bh7 {[%clk 1:33:24]}
9. Bd3 {[%clk 1:31:05]} Bxd3 {[%clk 1:33:49]} 10. Qxd3 {[%clk 1:31:31]} Nf6
{[%clk 1:34:13]} 11. Bd2 {[%clk 1:31:24]} c5 {[%clk 1:34:13]} 12. O-O-O
{[%clk 1:19:50]} Nc6 {[%clk 1:33:13]} 13. Be3 {[%clk 1:07:03]} Qa5
{[%clk 1:23:33]} 14. Qb3 {[%clk 1:04:17]} O-O-O {[%clk 1:22:54]} 15. Ne5
{[%clk 1:02:35]} Qc7 {[%clk 1:17:51]} 16. Nxc6 {[%clk 0:52:48]} Qxc6
{[%clk 1:16:58]} 17. dxc5 {[%clk 0:47:24]} Bxc5 {[%clk 1:16:53]} 18. Qc3
{[%clk 0:44:16]} Bxe3+ {[%clk 1:12:12]} 19. Qxe3 {[%clk 0:43:33]} a6
{[%clk 1:08:33]} 20. f3 {[%clk 0:41:15]} Rxd1+ {[%clk 1:08:33]} 21. Rxd1
{[%clk 0:41:06]} Rd8 {[%clk 1:08:41]} 22. Rxd8+ {[%clk 0:28:06]} Kxd8
{[%clk 1:09:07]} 23. Qd4+ {[%clk 0:26:29]} Ke7 {[%clk 1:00:42]} 24. Ne4
{[%clk 0:09:06]} Nxe4 {[%clk 1:00:40]} 25. fxe4 {[%clk 0:08:29]} f6
{[%clk 0:53:36]} 26. c4 {[%clk 0:07:20]} Qc7 {[%clk 0:49:30]} 27. b3
{[%clk 0:02:45]} Qh2 {[%clk 0:44:47]} 28. Qd2 {[%clk 0:02:40]} Ke8
{[%clk 0:42:36]} 29. Qe2 {[%clk 0:02:00]} Qe5 {[%clk 0:42:47]} 30. Kc2
{[%clk 0:02:05]} Ke7 {[%clk 0:41:01]} 31. Qg4 {[%clk 0:01:32]} Kf7
{[%clk 0:37:28]} 32. Qf3 {[%clk 0:02:00]} a5 {[%clk 0:36:56]} 33. a3
{[%clk 0:01:09]} b6 {[%clk 0:34:27]} 34. b4 {[%clk 0:01:16]} a4 {[%clk 0:34:13]}
35. Qe3 {[%clk 0:00:40]} Qxh5 {[%clk 0:33:58]} 36. Qxb6 {[%clk 0:00:46]} Qe2+
{[%clk 0:34:21]} 37. Kc3 {[%clk 0:00:44]} Qe1+ {[%clk 0:34:36]} 38. Kd3
{[%clk 0:00:53]} Qd1+ {[%clk 0:34:37]} 39. Kc3 {[%clk 0:01:22]} Qc1+ 40. Kd3
Qxa3+ {[%clk 0:35:20]} 41. Ke2 {[%clk 0:00:33]} Qb2+ {[%clk 0:35:45]} 42. Kf3
{[%clk 0:00:31]} a3 {[%clk 0:35:55]} 0-1

[Event "13th Khazar International Open Chess Tournament - "]
[Site "Rasht, Iran"]
[Date "2015.02.11"]
[Round "1"]
[Board "7"]
[White "Pourramezanali, Amirreza"]
[Black "Naderi, Abdollah"]
[Result "1-0"]
[WhiteElo "2432"]
[BlackElo "2140"]
[PlyCount "0"]
[EventDate "2015.02.11"]
[EventRounds "9"]
[EventCountry "IRI"]

1. e4 {[%clk 1:30:57]} c5 {[%clk 1:30:49]} 2. Nf3 {[%clk 1:31:21]} e6
{[%clk 1:30:59]} 3. c3 {[%clk 1:31:46]} d5 {[%clk 1:29:10]} 4. exd5
{[%clk 1:32:10]} Qxd5 {[%clk 1:28:37]} 5. d4 {[%clk 1:32:35]} Nf6
{[%clk 1:28:32]} 6. Na3 {[%clk 1:32:51]} cxd4 {[%clk 1:23:18]} 7. Nb5
{[%clk 1:33:04]} Qd8 {[%clk 1:23:24]} 8. Nbxd4 {[%clk 1:33:26]} Be7
{[%clk 1:22:26]} 9. Bc4 {[%clk 1:31:54]} O-O {[%clk 1:18:14]} 10. O-O
{[%clk 1:31:49]} Qc7 {[%clk 1:16:56]} 11. Qe2 {[%clk 1:32:01]} a6
{[%clk 1:14:53]} 12. Re1 {[%clk 1:30:15]} Nc6 {[%clk 1:12:04]} 13. Nxc6
{[%clk 1:28:26]} Qxc6 {[%clk 1:02:33]} 14. Bb3 {[%clk 1:28:38]} b5
{[%clk 0:56:34]} 15. Ne5 {[%clk 1:28:28]} Qb6 {[%clk 0:52:35]} 16. Be3
{[%clk 1:16:40]} Bc5 {[%clk 0:41:32]} 17. Bg5 {[%clk 1:16:36]} Bb7
{[%clk 0:17:25]} 18. Bc2 {[%clk 1:06:09]} Be7 {[%clk 0:16:40]} 19. Bxf6
{[%clk 1:05:24]} Bxf6 {[%clk 0:10:32]} 20. Nd7 {[%clk 1:05:49]} Qc6
{[%clk 0:10:37]} 21. Nxf6+ {[%clk 1:06:14]} gxf6 {[%clk 0:10:57]} 22. Qg4+
{[%clk 1:06:39]} Kh8 {[%clk 0:11:15]} 23. Be4 {[%clk 1:07:07]} Qxe4
{[%clk 0:04:52]} 24. Rxe4 {[%clk 1:07:32]} f5 {[%clk 0:05:18]} 25. Qh4
{[%clk 1:07:58]} Bxe4 {[%clk 0:05:35]} 26. Qf6+ {[%clk 1:08:24]} Kg8
{[%clk 0:05:59]} 27. Rd1 {[%clk 1:08:44]} f4 {[%clk 0:02:08]} 28. Qxf4
{[%clk 1:09:06]} Bg6 {[%clk 0:02:33]} 29. Qf6 {[%clk 1:09:31]} Rac8
{[%clk 0:02:55]} 30. h4 {[%clk 1:09:20]} h5 {[%clk 0:02:42]} 31. Rd6
{[%clk 1:09:18]} 1-0

[Event "13th Khazar International Open Chess Tournament - "]
[Site "Rasht, Iran"]
[Date "2015.02.11"]
[Round "1"]
[Board "8"]
[White "Sheykhali, Mohammadreza"]
[Black "Toufighi, Homayoon"]
[Result "1-0"]
[WhiteElo "2140"]
[BlackElo "2424"]
[PlyCount "0"]
[EventDate "2015.02.11"]
[EventRounds "9"]
[EventCountry "IRI"]

1. d4 {[%clk 1:30:57]} e6 {[%clk 1:30:15]} 2. Nf3 {[%clk 1:31:21]} Nf6
{[%clk 1:30:31]} 3. e3 {[%clk 1:31:45]} c5 {[%clk 1:30:44]} 4. Bd3
{[%clk 1:32:09]} b6 {[%clk 1:30:53]} 5. Qe2 {[%clk 1:32:11]} Bb7 {[%clk 1:31:03]}
6. Nbd2 {[%clk 1:32:31]} cxd4 {[%clk 1:31:22]} 7. exd4 {[%clk 1:32:53]} d6
{[%clk 1:31:41]} 8. c3 {[%clk 1:30:40]} a6 {[%clk 1:31:39]} 9. a4
{[%clk 1:30:56]} Be7 {[%clk 1:31:52]} 10. O-O {[%clk 1:31:16]} O-O
{[%clk 1:32:09]} 11. Re1 {[%clk 1:30:51]} Nbd7 {[%clk 1:32:24]} 12. Ng5
{[%clk 1:21:20]} Re8 {[%clk 1:28:29]} 13. Ndf3 {[%clk 1:15:48]} Nf8
{[%clk 1:24:42]} 14. h4 {[%clk 1:15:03]} h6 {[%clk 1:21:37]} 15. Nh3
{[%clk 1:13:09]} e5 {[%clk 1:18:35]} 16. Bc2 {[%clk 0:51:06]} e4 {[%clk 1:15:02]}
17. Nh2 {[%clk 0:50:40]} d5 {[%clk 1:14:47]} 18. Nf4 {[%clk 0:45:41]} Bd6
{[%clk 1:14:51]} 19. Be3 {[%clk 0:44:53]} Bc8 {[%clk 1:11:25]} 20. g3
{[%clk 0:43:02]} Ne6 {[%clk 1:09:44]} 21. Nh5 {[%clk 0:42:37]} Bb7
{[%clk 1:01:07]} 22. Nxf6+ {[%clk 0:39:37]} Qxf6 {[%clk 0:56:07]} 23. Qh5
{[%clk 0:38:28]} Nf8 {[%clk 0:54:04]} 24. Ng4 {[%clk 0:33:06]} Qe6
{[%clk 0:54:20]} 25. f4 {[%clk 0:27:03]} Bc8 {[%clk 0:32:46]} 26. Bd1
{[%clk 0:20:30]} Qg6 {[%clk 0:18:25]} 27. Qxg6 {[%clk 0:20:17]} Nxg6
{[%clk 0:18:49]} 28. Ne5 {[%clk 0:17:39]} Ne7 {[%clk 0:19:00]} 29. Kf2
{[%clk 0:11:15]} Be6 {[%clk 0:19:02]} 30. Bg4 {[%clk 0:10:32]} Nf5
{[%clk 0:15:00]} 31. Bxf5 {[%clk 0:09:39]} Bxf5 {[%clk 0:15:26]} 32. g4
{[%clk 0:10:01]} Bc8 {[%clk 0:15:30]} 33. c4 {[%clk 0:08:37]} Bb4
{[%clk 0:11:10]} 34. Rec1 {[%clk 0:07:19]} f6 {[%clk 0:11:14]} 35. Nc6
{[%clk 0:07:41]} Bf8 {[%clk 0:11:35]} 36. Kg3 {[%clk 0:03:07]} Be6
{[%clk 0:11:34]} 37. f5 {[%clk 0:02:20]} Bf7 {[%clk 0:11:59]} 38. a5
{[%clk 0:01:23]} Bd6+ {[%clk 0:10:29]} 39. Bf4 {[%clk 0:00:55]} Bxf4+
{[%clk 0:10:54]} 40. Kxf4 {[%clk 0:01:24]} bxa5 {[%clk 0:11:17]} 41. c5
{[%clk 0:01:36]} e3 {[%clk 0:11:15]} 42. Re1 {[%clk 0:01:03]} Re4+
{[%clk 0:11:42]} 43. Kf3 {[%clk 0:01:32]} Be8 {[%clk 0:12:08]} 44. Nxa5
{[%clk 0:01:49]} Rxd4 {[%clk 0:12:26]} 45. Rxe3 {[%clk 0:01:40]} h5
{[%clk 0:12:41]} 46. Rae1 {[%clk 0:01:41]} hxg4+ {[%clk 0:13:05]} 47. Kg3
{[%clk 0:02:10]} Bd7 {[%clk 0:13:11]} 48. c6 {[%clk 0:01:49]} Bxf5
{[%clk 0:13:32]} 49. c7 {[%clk 0:00:56]} Kf8 {[%clk 0:12:25]} 50. Nb7
{[%clk 0:00:56]} Re4 {[%clk 0:03:00]} 51. Nd6 {[%clk 0:00:48]} Rxe3+
{[%clk 0:02:07]} 52. Rxe3 {[%clk 0:00:46]} Bd7 {[%clk 0:01:17]} 53. Rb3
{[%clk 0:01:05]} Ke7 {[%clk 0:01:35]} 54. Rb8 {[%clk 0:01:33]} Kxd6
{[%clk 0:01:53]} 55. Rxa8 {[%clk 0:01:24]} Kxc7 {[%clk 0:02:19]} 56. Rg8
{[%clk 0:01:29]} d4 {[%clk 0:01:38]} 57. Rxg7 {[%clk 0:01:41]} d3
{[%clk 0:01:58]} 58. Kf2 {[%clk 0:02:05]} Kd6 {[%clk 0:02:14]} 59. h5
{[%clk 0:02:14]} Bf5 {[%clk 0:02:40]} 60. Ke3 {[%clk 0:02:26]} Ke5
{[%clk 0:02:55]} 61. h6 {[%clk 0:02:51]} d2 {[%clk 0:03:08]} 62. Kxd2
{[%clk 0:03:03]} Kf4 {[%clk 0:03:28]} 63. Ke1 {[%clk 0:03:08]} 1-0

[Event "13th Khazar International Open Chess Tournament - "]
[Site "Rasht, Iran"]
[Date "2015.02.11"]
[Round "1"]
[Board "9"]
[White "Iskandarov, Misratdin"]
[Black "Asadi, Sadegh"]
[Result "1-0"]
[WhiteElo "2396"]
[BlackElo "2136"]
[PlyCount "0"]
[EventDate "2015.02.11"]
[EventRounds "9"]
[EventCountry "IRI"]

1. b3 {[%clk 1:30:37]} e5 {[%clk 1:27:34]} 2. Bb2 {[%clk 1:31:00]} d6
{[%clk 1:27:53]} 3. g3 {[%clk 1:30:53]} f5 {[%clk 1:28:01]} 4. Bg2
{[%clk 1:30:58]} Nf6 {[%clk 1:28:24]} 5. c4 {[%clk 1:31:07]} Be7 {[%clk 1:28:25]}
6. d4 {[%clk 1:30:34]} e4 {[%clk 1:28:43]} 7. d5 {[%clk 1:29:46]} O-O
{[%clk 1:27:03]} 8. Nc3 {[%clk 1:28:27]} Ng4 {[%clk 1:26:03]} 9. Nh3
{[%clk 1:28:47]} Bf6 {[%clk 1:21:18]} 10. O-O {[%clk 1:25:19]} a5
{[%clk 1:21:33]} 11. Qc2 {[%clk 1:21:12]} Nd7 {[%clk 1:14:34]} 12. Rad1
{[%clk 1:15:43]} b6 {[%clk 1:03:16]} 13. Bc1 {[%clk 1:14:36]} Nc5
{[%clk 0:56:13]} 14. f3 {[%clk 1:12:59]} exf3 {[%clk 0:55:54]} 15. exf3 Ne5
{[%clk 0:56:13]} 16. Nf2 {[%clk 1:07:02]} g5 {[%clk 0:49:44]} 17. f4
{[%clk 1:03:12]} Nf7 {[%clk 0:48:45]} 18. Nb5 {[%clk 1:02:38]} gxf4
{[%clk 0:38:01]} 19. Bxf4 {[%clk 1:01:56]} Be5 {[%clk 0:38:14]} 20. Nh3
{[%clk 0:57:54]} Ne4 {[%clk 0:34:03]} 21. Nd4 {[%clk 0:55:44]} Bxd4+
{[%clk 0:29:47]} 22. Rxd4 {[%clk 0:55:11]} Nfg5 {[%clk 0:26:24]} 23. Nxg5
{[%clk 0:54:41]} Nxg5 {[%clk 0:26:51]} 24. Bc1 {[%clk 0:55:02]} Nf7
{[%clk 0:26:29]} 25. Bh3 {[%clk 0:50:26]} Ng5 {[%clk 0:26:37]} 26. Bxf5
{[%clk 0:49:04]} Bxf5 {[%clk 0:26:51]} 27. Rxf5 {[%clk 0:49:28]} Nf3+
{[%clk 0:18:45]} 28. Rxf3 {[%clk 0:49:48]} Rxf3 {[%clk 0:19:08]} 29. Rg4+
{[%clk 0:50:13]} Kf8 {[%clk 0:18:46]} 30. Bh6+ {[%clk 0:50:35]} Ke8
{[%clk 0:19:13]} 31. Qe4+ {[%clk 0:50:42]} 1-0